[Event "Euro Online U2300 Day 1"]
[Site "chess.com INT"]
[Date "2020.05.25"]
[Round "4"]
[White "Van Vliet, Dennis"]
[Black "Guliev, Sarhan"]
[Result "1-0"]
[BlackTitle "GM"]
[WhiteElo "2072"]
[BlackElo "2308"]
[WhiteFideId "209740"]
[BlackFideId "13400231"]
[EventDate "2020.05.25"]

1. d4 Nf6 2. c4 g6 3. Nc3 Bg7 4. e4 d6 5. Be2 O-O 6. Nf3 e5 7. O-O Nc6 8. d5 Ne7
9. Ne1 Ne8 10. Nd3 f5 11. Bd2 f4 12. Bg4 Nf6 13. Bxc8 Qxc8 14. f3 g5 15. Nf2 h5
16. h3 Rf7 17. b4 Rf8 18. c5 Rf7 19. a4 Bf8 20. a5 Ng6 21. Rc1 Rg7 22. cxd6 cxd6
23. Nb5 Qd8 24. Rc3 a6 25. Na3 b5 26. Qe2 g4 27. fxg4 hxg4 28. Nxg4 Nxg4 29.
hxg4 Be7 30. Rfc1 Bh4 31. Rh3 Bg3 32. Be1 Rc8 33. Rc6 Rgc7 34. Rh6 Rg7 35. Nb1
Rgc7 36. Rxg6+ Kh7 37. Rgxd6 Qh4 38. Bxg3 fxg3 39. Rh6+ Qxh6 40. Rxh6+ Kxh6 41.
Qe3+ Kg6 42. Qxg3 Rc1+ 43. Kf2 R8c2+ 44. Ke3 Rc8 45. Qxe5 Re1+ 46. Kf2 Rcc1 47.
Qe6+ Kg7 48. Nd2 Red1 49. Nf3 Rc2+ 50. Kg3 Rcc1 51. Qe7+ 1-0

[Event "Euro Online U2300 Day 1"]
[Site "chess.com INT"]
[Date "2020.05.25"]
[Round "4"]
[White "Horak, Jiri1"]
[Black "Sieber, Fiona"]
[Result "1/2-1/2"]
[BlackTitle "WIM"]
[WhiteElo "2176"]
[BlackElo "2201"]
[WhiteFideId "303330"]
[BlackFideId "12902373"]
[EventDate "2020.05.25"]

1. e4 e5 2. Nf3 Nc6 3. Bb5 a6 4. Ba4 Nf6 5. O-O Be7 6. d3 b5 7. Bb3 O-O 8. Nc3
d6 9. h3 Na5 10. Bg5 Nxb3 11. axb3 Be6 12. d4 exd4 13. Nxd4 Bd7 14. Bxf6 Bxf6
15. Nd5 Re8 16. Nxf6+ Qxf6 17. Re1 Qg6 18. Qf3 Re5 19. Re3 Ra7 20. c3 c5 21. Nf5
h6 22. Rd1 Bxf5 23. exf5 Rxf5 24. Qc6 Rf6 25. Qb6 Qc2 26. Rf1 Ra8 27. Qb7 Rf8
28. Qxa6 Qxb3 29. Re2 Rg6 30. Qc6 Qc4 31. Rd2 Qf4 32. Rfd1 Re6 33. Qxb5 Rfe8 34.
Qf1 h5 35. g3 Qf6 36. Kh2 h4 37. Qg2 Re2 38. Kg1 hxg3 39. Qxg3 R2e5 40. h4 R8e6
41. Rd5 Rxd5 42. Rxd5 Qe7 43. Kg2 Rg6 44. Rg5 Qe4+ 45. Qf3 Qc2 46. Rxg6 Qxg6+
47. Qg3 Kh7 48. Qxg6+ Kxg6 49. Kf3 Kf5 50. b4 Ke5 51. b5 d5 52. Kg4 Kd6 53. Kf5
d4 54. cxd4 cxd4 55. Ke4 Kc5 56. b6 Kxb6 57. Kxd4 Kc6 58. Ke5 Kd7 59. h5 Ke7 60.
Kf5 Kd6 61. f4 Kd5 62. Kg5 Ke4 63. f5 Ke5 64. f6 gxf6+ 65. Kg4 f5+ 66. Kf3 Kf6
67. Kf4 Kg7 68. Kxf5 Kh6 69. Kf6 Kxh5 70. Kxf7 1/2-1/2

[Event "Euro Online U2300 Day 1"]
[Site "chess.com INT"]
[Date "2020.05.25"]
[Round "4"]
[White "Sjoberg, Isak"]
[Black "Kaliszuk, Kamil"]
[Result "0-1"]
[WhiteElo "2189"]
[BlackElo "1930"]
[WhiteFideId "1521640"]
[BlackFideId "21870160"]
[EventDate "2020.05.25"]

1. e4 c5 2. Nf3 Nc6 3. Bb5 g6 4. O-O Bg7 5. d3 Nf6 6. Nc3 O-O 7. e5 Ne8 8. Bxc6
dxc6 9. Be3 b6 10. h3 Nc7 11. Qd2 Nd5 12. Bh6 Nxc3 13. bxc3 Qd5 14. Rfe1 c4 15.
d4 Bxh3 16. Bxg7 Kxg7 17. Qg5 Rae8 18. Re3 Bd7 19. Rae1 a5 20. Nd2 f6 21. Qg3 f5
22. f4 e6 23. Qh4 Rf7 24. Rh3 Kg8 25. Nf3 Ree7 26. Rb1 b5 27. Ng5 Rg7 28. a3 c5
29. Qf2 cxd4 30. cxd4 Bc6 31. c3 Rb7 32. Rb2 b4 33. axb4 axb4 34. Rxb4 Rxb4 35.
cxb4 Rd7 36. Kh2 Qxd4 37. Qxd4 Rxd4 38. Nxe6 Rd2 39. Rc3 Rxg2+ 40. Kh3 Bd5 41.
Nc7 Rd2 42. b5 Kf7 43. b6 Bb7 44. Rxc4 Rd3+ 45. Kh2 Rd2+ 46. Kg3 Rd3+ 47. Kh4
Bg2 48. e6+ Ke7 49. Kg5 Rh3 50. Nd5+ Bxd5 51. Rc7+ Kxe6 0-1

[Event "Euro Online U2300 Day 1"]
[Site "chess.com INT"]
[Date "2020.05.25"]
[Round "4"]
[White "Kolbin, Anton"]
[Black "Papadopoulos, Georgios3"]
[Result "1/2-1/2"]
[WhiteElo "2204"]
[BlackElo "2347"]
[WhiteFideId "24107271"]
[BlackFideId "4210271"]
[EventDate "2020.05.25"]

1. d4 Nf6 2. Bf4 g6 3. Nc3 d5 4. Nf3 Bg7 5. e3 O-O 6. Be2 c5 7. h4 Nc6 8. Ne5
cxd4 9. exd4 Qb6 10. Nxc6 bxc6 11. Na4 Qa5+ 12. c3 Nd7 13. b4 Qd8 14. h5 e5 15.
Be3 a5 16. b5 cxb5 17. Bxb5 exd4 18. cxd4 Ba6 19. Bxd7 Qxd7 20. Nb6 Qf5 21. Nxa8
Rxa8 22. hxg6 hxg6 23. f3 Rb8 24. Qd2 Bf8 25. a3 Bxa3 26. Rxa3 Rb1+ 27. Kf2 Rxh1
28. Rxa5 Bc4 29. Ra8+ Kh7 30. Bg5 Qe6 31. Qe3 Rf1+ 32. Kg3 Qxe3 33. Bxe3 Re1 34.
Bf4 Kg7 35. Ra7 Kf6 36. Be5+ Ke6 37. Rc7 Rd1 38. Rc6+ Ke7 39. Bf6+ Kd7 40. Rb6
Rd2 41. Bg5 Rc2 42. Kf4 Rxg2 43. Bf6 Re2 44. Be5 Rf2 45. Rb7+ Ke6 46. Rb6+ Ke7
47. Rb7+ Ke6 48. Rb6+ Kd7 49. Rb7+ Ke6 1/2-1/2

[Event "Euro Online U2300 Day 1"]
[Site "chess.com INT"]
[Date "2020.05.25"]
[Round "4"]
[White "Selbes, Tarik"]
[Black "Hulka, Valentyn"]
[Result "0-1"]
[WhiteTitle "FM"]
[WhiteElo "2235"]
[BlackElo "1892"]
[WhiteFideId "6302513"]
[BlackFideId "34107061"]
[EventDate "2020.05.25"]

1. e4 c5 2. Nf3 e6 3. d3 Nc6 4. g3 g6 5. Bg2 Bg7 6. O-O Nge7 7. c3 d5 8. Qe2 O-O
9. h4 h6 10. e5 b6 11. Re1 Qc7 12. Bf4 a5 13. Nbd2 a4 14. Nf1 Ba6 15. N1h2 h5
16. g4 hxg4 17. Nxg4 Nf5 18. Qd2 b5 19. Bh3 b4 20. Kh2 a3 21. Nf6+ Kh8 22. Bxf5
exf5 23. Kg3 axb2 24. Qxb2 Bxd3 25. cxb4 Be4 26. h5 Bxf3 27. hxg6 fxg6 28. Kxf3
Bxf6 29. exf6 Qf7 30. bxc5 Qxf6 31. Qxf6+ Rxf6 32. a4 Kg8 33. Reb1 Nd4+ 34. Kg2
Rfa6 35. Rb6 Ne6 36. Rxa6 Rxa6 37. Bd6 d4 38. Kf3 Kf7 39. Ke2 Ng5 40. Kd3 Ne4
41. f3 Nxd6 42. cxd6 Rxd6 43. a5 Ke6 44. a6 Rd8 45. a7 Ra8 46. Kxd4 g5 47. Ra6+
Kd7 48. Kc5 Kc7 49. Kb5 g4 50. fxg4 fxg4 0-1

[Event "Euro Online U2300 Day 1"]
[Site "chess.com INT"]
[Date "2020.05.25"]
[Round "4"]
[White "Golubenko, Valeriy"]
[Black "Godzwon, Iwo"]
[Result "0-1"]
[BlackTitle "FM"]
[WhiteElo "2211"]
[BlackElo "2347"]
[WhiteFideId "2216477"]
[BlackFideId "21802483"]
[EventDate "2020.05.25"]

1. d4 Nf6 2. Bg5 e6 3. Nd2 d5 4. e3 h6 5. Bh4 c5 6. c3 Nc6 7. f4 cxd4 8. exd4
Bd6 9. Qf3 Ne7 10. Nh3 Nf5 11. Bf2 h5 12. Bd3 g6 13. O-O-O Bd7 14. Ng5 Ng4 15.
Rde1 Be7 16. h3 Nxf2 17. Qxf2 Bxg5 18. Bxf5 gxf5 19. fxg5 Qxg5 20. g4 fxg4 21.
hxg4 h4 22. Re5 Qe7 23. g5 O-O-O 24. Rxh4 Bb5 25. Rxh8 Rxh8 26. Kc2 Rh3 27. Qg2
Bd3+ 28. Kc1 Rh8 29. Re3 Bf5 30. Re1 Rg8 31. Qxd5 Rxg5 32. Qe5 Bg6 33. Qe3 Rg2
34. Re2 Qg5 35. Qxg5 Rxg5 36. Nf3 Rg3 37. Ne5 Rg1+ 38. Kd2 Kd8 39. a4 Ke7 40.
Nxg6+ Rxg6 41. c4 Rg3 42. Re3 Rxe3 43. Kxe3 a5 44. Kf4 f6 45. c5 Kd7 46. Ke3 Kc6
47. Ke4 b6 48. cxb6 Kxb6 49. Ke3 Kc6 50. Ke4 Kd6 51. b3 Kc6 52. Kd3 Kd5 53. Ke3
f5 54. Kd3 f4 0-1

[Event "Euro Online U2300 Day 1"]
[Site "chess.com INT"]
[Date "2020.05.25"]
[Round "4"]
[White "Nandrean, Dan"]
[Black "Lymar, Vladislav"]
[Result "1/2-1/2"]
[WhiteElo "2173"]
[BlackElo "2159"]
[WhiteFideId "1212354"]
[BlackFideId "14162180"]
[EventDate "2020.05.25"]

1. e4 c5 2. Nf3 Nc6 3. d4 cxd4 4. Nxd4 e5 5. Nb5 d6 6. a4 Nf6 7. N1c3 Be6 8. Bg5
a6 9. Na3 Be7 10. Bc4 O-O 11. Bxf6 Bxf6 12. Nd5 Bg5 13. c3 g6 14. O-O Ne7 15.
Qd3 Kh8 16. Rad1 Bxd5 17. Bxd5 Qc7 18. Nc4 Rad8 19. a5 f5 20. f3 fxe4 21. fxe4
Bf4 22. g3 Bg5 23. Kg2 Kg7 24. Nb6 Qc5 25. b4 Qc7 26. Rxf8 Rxf8 27. Rf1 Rxf1 28.
Qxf1 Nxd5 29. Nxd5 Qd7 30. h4 Bd8 31. Qe2 h5 32. Qc4 g5 33. hxg5 Bxg5 34. Qc7
Qxc7 35. Nxc7 Kf7 36. Nd5 Ke6 37. Kf3 Bc1 38. g4 hxg4+ 39. Kxg4 Bd2 40. Kf3 Bc1
41. Ke2 Kd7 42. Kd3 Kc6 43. Kc4 Bd2 44. Kb3 Be1 45. c4 Bf2 46. Ka4 Kd7 47. b5
Bg1 48. bxa6 bxa6 49. Nb4 Kc7 50. Nxa6+ Kc6 51. Nb4+ Kc5 52. Kb3 Kd4 1/2-1/2

[Event "Euro Online U2300 Day 1"]
[Site "chess.com INT"]
[Date "2020.05.25"]
[Round "4"]
[White "Alexakis, Dimitris"]
[Black "Matic, Zeljko"]
[Result "1/2-1/2"]
[WhiteTitle "FM"]
[WhiteElo "2450"]
[BlackElo "2144"]
[WhiteFideId "4277023"]
[BlackFideId "14505690"]
[EventDate "2020.05.25"]

1. e4 g6 2. d4 Bg7 3. Nc3 d6 4. Be3 a6 5. a4 b6 6. Qd2 Bb7 7. h4 h5 8. Nh3 Nd7
9. Bc4 e6 10. Ng5 Qe7 11. f3 Ngf6 12. O-O O-O 13. Rad1 c6 14. Bb3 b5 15. Rfe1
Rac8 16. Bf4 Rfd8 17. Qf2 b4 18. Ne2 c5 19. e5 dxe5 20. dxe5 Nd5 21. Bxd5 Bxd5
22. Ng3 c4 23. Rd2 Qc5 24. Be3 Qc7 25. f4 Qb7 26. Red1 c3 27. bxc3 Rxc3 28. Bd4
Rc4 29. Nf1 Nb8 30. Ne3 Rcc8 31. f5 Nc6 32. Ba1 Qb6 33. fxg6 fxg6 34. Qf7+ Kh8
35. Qxg6 Qxe3+ 36. Kh1 Bxg2+ 37. Kh2 Bxe5+ 38. Bxe5+ Qxe5+ 39. Kxg2 Rxd2+ 40.
Rxd2 Qg7 41. Qxh5+ Kg8 42. Kh1 Rf8 43. Qg4 Rf1+ 44. Kg2 Rf6 45. Re2 Nd8 46. Kh2
Kh8 47. Rg2 Rg6 48. Qh5+ Kg8 49. Qf3 Qe5+ 50. Kh1 Qe1+ 51. Kh2 Qxh4+ 52. Kg1
Qe1+ 53. Kh2 Qh4+ 54. Kg1 Qe1+ 55. Kh2 Qh4+ 1/2-1/2

[Event "Euro Online U2300 Day 1"]
[Site "chess.com INT"]
[Date "2020.05.25"]
[Round "4"]
[White "Travica, Robert"]
[Black "Basa, Manasvita"]
[Result "0-1"]
[WhiteElo "2002"]
[BlackElo "1711"]
[WhiteFideId "954861"]
[BlackFideId "1060228"]
[EventDate "2020.05.25"]

1. e4 e5 2. Nf3 Nc6 3. Bc4 Bc5 4. d3 Nf6 5. c3 d6 6. h3 O-O 7. Nbd2 Be6 8. O-O
d5 9. exd5 Nxd5 10. Ne4 Bb6 11. Re1 h6 12. Ng3 Qd6 13. Qe2 f6 14. Nh4 Nce7 15.
d4 Bf7 16. dxe5 fxe5 17. Qxe5 Qc5 18. Qd4 Qc6 19. Qe4 Rae8 20. Nf3 Qd6 21. Nf1
Bg6 22. Qe6+ Qxe6 23. Rxe6 Bf5 24. Rxe7 Rxe7 25. Bxd5+ Kh7 26. Be3 Bxe3 27. Nxe3
Bg6 28. Bb3 Be4 29. Nd4 Kh8 30. Rd1 c5 31. Ndc2 b5 32. c4 b4 33. Rd2 Rff7 34.
Ne1 Rd7 35. Rxd7 Rxd7 36. f3 Bg6 37. Nf1 a5 38. Ba4 Rd4 39. b3 Rd1 40. Kf2 Ra1
41. Ne3 Rxa2+ 42. Kg3 Re2 43. Nd5 Rxe1 44. Ne7 Bc2 45. Nc8 Rb1 46. Nd6 Bxb3 47.
Bb5 Rc1 48. Bd7 a4 49. Be6 a3 50. Nf7+ Kh7 51. Bf5+ Kg8 52. Ne5 a2 53. Be6+ Kf8
54. Kf4 a1=Q 55. Nd7+ Ke7 0-1

[Event "Euro Online U2300 Day 1"]
[Site "chess.com INT"]
[Date "2020.05.25"]
[Round "4"]
[White "Pedersen, Henrik Dahl"]
[Black "Panagopoulos, Nikolaos"]
[Result "1-0"]
[BlackTitle "FM"]
[WhiteElo "2225"]
[BlackElo "2238"]
[WhiteFideId "1404199"]
[BlackFideId "4205375"]
[EventDate "2020.05.25"]

1. e4 c5 2. Nf3 e6 3. d4 cxd4 4. Nxd4 a6 5. g3 b5 6. Bg2 Bb7 7. O-O Bc5 8. Nb3
Bb6 9. Nc3 Ne7 10. Qe2 Nbc6 11. Be3 d6 12. Rad1 Qc7 13. Bxb6 Qxb6 14. Rxd6 O-O
15. Rfd1 Rfd8 16. a3 Qc7 17. Rxd8+ Nxd8 18. Qd2 Kf8 19. Nc5 Bc6 20. Nxa6 Qa7 21.
Nb4 Be8 22. Qd4 Qc7 23. Qd6 Qc8 24. e5 Rb8 25. Ne4 Nb7 26. Qd2 Nd5 27. Nxd5 exd5
28. Nc3 Qf5 29. Qxd5 Qxc2 30. Qd2 Qf5 31. Qe2 Na5 32. Bd5 g6 33. e6 f6 34. e7+
Kg7 35. h4 Nc4 36. a4 Ne5 37. a5 b4 38. Ne4 Qd7 39. a6 Qxe7 40. a7 Qxa7 41. Nd6
Bc6 42. Bxc6 Nxc6 43. Qe6 Nd4 44. Qd5 Ne2+ 45. Kf1 Qa6 46. Kg2 Rd8 47. Nf5+ gxf5
48. Qxd8 Kg6 49. Qe8+ Kh6 50. Qe3+ f4 51. gxf4 Qc6+ 52. Qf3 Qc2 53. Rd6 Kg7 54.
Qg4+ Kf7 55. Qe6+ Kg6 56. Qxf6+ Kh5 57. Qg5# 1-0

[Event "Euro Online U2300 Day 1"]
[Site "chess.com INT"]
[Date "2020.05.25"]
[Round "4"]
[White "Ignatescu, Radu"]
[Black "Khazhomia, Salome"]
[Result "0-1"]
[WhiteTitle "FM"]
[BlackTitle "WFM"]
[WhiteElo "2294"]
[BlackElo "2092"]
[WhiteFideId "1202910"]
[BlackFideId "13603230"]
[EventDate "2020.05.25"]

1. d4 d5 2. c4 e6 3. Nc3 Nf6 4. Bg5 Be7 5. e3 h6 6. Bh4 O-O 7. cxd5 exd5 8. Bd3
b6 9. Nge2 Bb7 10. O-O Ne4 11. Bxe7 Qxe7 12. Nf4 Nxc3 13. bxc3 c5 14. Qh5 Qg5
15. Qxg5 hxg5 16. Nh3 f6 17. Bf5 Bc8 18. g4 Bxf5 19. gxf5 Re8 20. dxc5 bxc5 21.
Rad1 Re5 22. e4 Rxe4 23. Rxd5 Nc6 24. Rxc5 Ne7 25. f3 Re2 26. Rf2 Re3 27. Kg2
Rd8 28. Ng1 Nd5 29. Ne2 Rd3 30. h4 gxh4 31. Kh3 Rd2 32. Rh2 Rxe2 33. Rxe2 Nf4+
34. Kxh4 Nxe2 35. Rc7 a5 36. Rc5 a4 37. Rc4 Rd2 38. Rxa4 Nxc3 39. Ra8+ Kh7 40.
a4 Rd4+ 41. Kg3 Rxa4 42. Rc8 Ne2+ 43. Kf2 Nd4 44. Rc5 Ra3 45. Rd5 Nxf3 46. Rb5
Ne5 47. Kg2 Re3 48. Rc5 Re4 49. Kg3 Rg4+ 50. Kh3 Rf4 51. Kg3 Rxf5 52. Rc7 Kg6
53. Rc5 Nf7 54. Rc7 Rd5 55. Kf4 Rd4+ 56. Ke3 Ra4 57. Rb7 f5 58. Rb6+ Kg5 59. Rb7
Kf6 60. Rb6+ Ke7 61. Rb7+ Ke6 62. Rb6+ Nd6 63. Rc6 g5 64. Rc5 f4+ 65. Kf2 Ne4+ 0-1

[Event "Euro Online U2300 Day 1"]
[Site "chess.com INT"]
[Date "2020.05.25"]
[Round "4"]
[White "Zvereva, Margarita"]
[Black "Salopaa, Tero"]
[Result "1-0"]
[WhiteTitle "WFM"]
[WhiteElo "1929"]
[BlackElo "2024"]
[WhiteFideId "34177741"]
[BlackFideId "508284"]
[EventDate "2020.05.25"]

1. d4 Nf6 2. Nf3 c6 3. e3 d5 4. b3 Bf5 5. Bd3 g6 6. O-O e6 7. Bb2 Nbd7 8. c4
Bxd3 9. Qxd3 Bg7 10. Nc3 O-O 11. e4 dxe4 12. Nxe4 Nxe4 13. Qxe4 Nf6 14. Qe2 a5
15. Rad1 Qe7 16. d5 cxd5 17. cxd5 a4 18. Rfe1 axb3 19. axb3 Rfe8 20. d6 Qd8 21.
Ne5 Nd5 22. Nc4 Bxb2 23. Qxb2 b5 24. d7 Qxd7 25. Nb6 Qc6 26. Nxa8 Rxa8 27. Rc1
Qb7 28. Qd4 b4 29. h3 Rd8 30. Ra1 Qc7 31. Qa7 Qc3 32. Rab1 Kg7 33. Rxe6 Nf4 34.
Re7 Rf8 35. Re3 Qf6 36. Qa1 Nd5 37. Qxf6+ Kxf6 38. Rd3 Nc3 39. Re1 Ra8 40. Rf3+
Kg7 41. Re7 Rf8 42. Rb7 Nd5 43. Rb5 Nf6 44. Rxb4 Nd5 45. Rd4 Nb6 46. b4 h5 47.
b5 Rb8 48. Rc3 Na8 49. Rd5 Rb6 50. Rc8 Nc7 51. Rxc7 Kh6 52. Rxf7 h4 53. Rc7 Rb8
54. Rc6 Kh7 55. b6 g5 56. Rd7+ Kg8 57. b7 g4 58. Rc8+ 1-0

[Event "Euro Online U2300 Day 1"]
[Site "chess.com INT"]
[Date "2020.05.25"]
[Round "4"]
[White "Druzhinina, Olga"]
[Black "Gago Padreny, Ignacio"]
[Result "1/2-1/2"]
[BlackTitle "FM"]
[WhiteElo "2245"]
[BlackElo "2289"]
[WhiteFideId "4141911"]
[BlackFideId "2278863"]
[EventDate "2020.05.25"]

1. e4 c6 2. d4 d5 3. Nd2 dxe4 4. Nxe4 Nf6 5. Nxf6+ exf6 6. Nf3 Bd6 7. Be2 O-O 8.
O-O Nd7 9. c4 Re8 10. b3 Nf8 11. Re1 Ng6 12. Bf1 Rxe1 13. Qxe1 Bg4 14. Qc3 Qc7
15. h3 Bd7 16. Be3 Re8 17. Rd1 Nf4 18. Qd2 g5 19. c5 Bf8 20. Bxf4 Qxf4 21. Qxf4
gxf4 22. Bc4 Bf5 23. Kf1 a5 24. a4 Rd8 25. Rd2 Be4 26. Ke2 Bxf3+ 27. gxf3 f5 28.
Rd3 Kg7 29. Kd2 Kf6 30. Kc3 b6 31. cxb6 Bb4+ 32. Kc2 Rb8 33. d5 cxd5 34. Rxd5
Rxb6 35. Rd7 Rd6 36. Rxf7+ Kg6 37. h4 Rd2+ 38. Kc1 Rxf2 39. h5+ Kxh5 40. Rxf5+
Kg6 41. Rd5 Rxf3 42. Bd3+ Kf6 43. Bxh7 Rxb3 44. Bc2 Re3 45. Rf5+ Ke6 46. Rxf4
Kd5 47. Rg4 Kc5 48. Kb2 Bc3+ 49. Ka2 Bd4 50. Rg5+ Kb4 51. Rb5+ Kc3 52. Bh7 Re2+
53. Kb1 Re1+ 54. Ka2 Re2+ 55. Ka3 Kc4 56. Bg8+ Kd3 57. Rb3+ Bc3 58. Bc4+ Kxc4
59. Rxc3+ Kxc3 1/2-1/2

[Event "Euro Online U2300 Day 1"]
[Site "chess.com INT"]
[Date "2020.05.25"]
[Round "4"]
[White "Voracek, Miroslav"]
[Black "Bozanic, Ivica"]
[Result "0-1"]
[BlackTitle "FM"]
[WhiteElo "2226"]
[BlackElo "2162"]
[WhiteFideId "313335"]
[BlackFideId "14501414"]
[EventDate "2020.05.25"]

1. e4 e5 2. Nf3 Nc6 3. d4 exd4 4. Nxd4 Nf6 5. Nxc6 bxc6 6. e5 Qe7 7. Qe2 Nd5 8.
c4 Ba6 9. b3 g6 10. Nd2 Bg7 11. Nf3 O-O 12. Bg5 f6 13. exf6 Qxe2+ 14. Bxe2 Nxf6
15. Rd1 d6 16. O-O c5 17. Rfe1 Bb7 18. Nd2 a5 19. Bf3 Bxf3 20. Nxf3 a4 21. Re7
Rf7 22. Rde1 axb3 23. axb3 Kf8 24. R7e2 h6 25. Bd2 g5 26. Kf1 Rb8 27. Rb1 Nd7
28. b4 cxb4 29. Rxb4 Rxb4 30. Bxb4 Re7 31. Nd2 c5 32. Ba5 Kf7 33. Bc7 Rxe2 34.
Kxe2 Ke6 35. Ne4 Be5 36. h3 d5 37. cxd5+ Kxd5 38. Bxe5 Nxe5 39. Ng3 Kc4 40. Nf5
h5 41. Ng7 h4 42. Ne6 Nf7 43. f4 Kd5 44. f5 c4 45. Kd2 Ke5 46. Ng7 Kf6 47. Nh5+
Kxf5 48. Kc3 Ne5 49. Kd4 Kg6 50. g4 Nf3+ 51. Ke3 Ng1 52. Kd4 Nxh3 53. Kxc4 Nf2
54. Kd4 Nxg4 55. Ke4 Kxh5 56. Kf3 Nh6 57. Kg2 g4 58. Kh2 h3 59. Kg3 Nf5+ 60. Kh2
Kh4 61. Kh1 g3 62. Kg1 Kg4 63. Kh1 Kf3 64. Kg1 Nd4 65. Kh1 g2+ 66. Kh2 Ne2 0-1

[Event "Euro Online U2300 Day 1"]
[Site "chess.com INT"]
[Date "2020.05.25"]
[Round "4"]
[White "Gabriel, Robert"]
[Black "Vuckovic, Marko"]
[Result "1-0"]
[WhiteTitle "FM"]
[WhiteElo "2236"]
[BlackElo "2059"]
[WhiteFideId "4606477"]
[BlackFideId "16501870"]
[EventDate "2020.05.25"]

1. d4 Nf6 2. Nf3 e6 3. c4 Bb4+ 4. Bd2 c5 5. Bxb4 cxb4 6. g3 a5 7. Bg2 O-O 8. O-O
d6 9. a3 Na6 10. Nbd2 Qc7 11. Rc1 b6 12. Ne1 Bb7 13. Nd3 Bxg2 14. Kxg2 bxa3 15.
bxa3 e5 16. e3 Rfc8 17. Qf3 Re8 18. Ne4 Nxe4 19. Qxe4 exd4 20. Qxd4 Qc6+ 21. f3
Rac8 22. Nf4 Qc5 23. Nd5 Qxd4 24. exd4 Rc6 25. Kf2 Kf8 26. Rc3 Rec8 27. Rfc1 Nb8
28. Ke3 Nd7 29. Kd3 g6 30. g4 h6 31. a4 Re8 32. Rb1 Kg7 33. h4 g5 34. h5 Kg8 35.
Rcb3 Kf8 36. Nxb6 Nf6 37. Rb5 Kg7 38. Rxa5 Rb8 39. Rab5 Rc7 40. Nd5 Rxb5 41.
Rxb5 Ra7 42. Nxf6 Kxf6 43. a5 Ke6 44. Ke4 f6 45. d5+ Kf7 46. Rb6 Re7+ 47. Kd4
Ra7 48. Rxd6 Rxa5 49. Rd7+ Kf8 50. Rh7 Ra1 51. Rxh6 Kg7 52. Rg6+ Kf7 53. c5 Ra4+
54. Kd3 Ra3+ 55. Ke4 Ra4+ 56. Kd3 Ra3+ 57. Kc4 Rxf3 58. c6 Rf1 59. Kc5 Rc1+ 60.
Kd6 Re1 61. c7 Re8 62. Kd7 Re7+ 63. Kc6 Re8 64. d6 1-0

[Event "Euro Online U2300 Day 1"]
[Site "chess.com INT"]
[Date "2020.05.25"]
[Round "4"]
[White "Frenkel, Ran"]
[Black "Vesselovsky, Serguei"]
[Result "1/2-1/2"]
[BlackTitle "IM"]
[WhiteElo "2245"]
[BlackElo "2317"]
[WhiteFideId "2815974"]
[BlackFideId "313998"]
[EventDate "2020.05.25"]

1. d4 Nf6 2. Bg5 Ne4 3. Bf4 c5 4. f3 Qa5+ 5. c3 Nf6 6. Nd2 cxd4 7. Nc4 Qf5 8.
Qxd4 Nc6 9. Qe3 Qe6 10. Qxe6 fxe6 11. e4 d6 12. O-O-O e5 13. Bg5 h6 14. Bh4 g5
15. Bf2 h5 16. Kb1 g4 17. Bh4 Kf7 18. Ne3 Be6 19. Bc4 Bxc4 20. Nxc4 Bh6 21. Ne2
gxf3 22. gxf3 Rhg8 23. Ng3 Bg5 24. Bxg5 Rxg5 25. Nf5 Ke6 26. h4 Rg2 27. Nce3 Rf2
28. Rhf1 Rxf1 29. Rxf1 Rg8 30. Kc2 Kd7 31. Rd1 Nd8 32. b4 Nf7 33. c4 b6 34. Kb3
Ke6 35. a4 a5 36. c5 bxc5 37. bxc5 Rb8+ 38. Ka3 Nd7 39. cxd6 exd6 40. Nc4 Nc5
41. Ncxd6 Rb3+ 42. Ka2 Rxf3 43. Nxf7 Kxf7 44. Rd5 Nxe4 45. Rxe5 Nc3+ 46. Kb2
Nxa4+ 47. Kc2 Kf6 48. Rxa5 Rxf5 49. Rxa4 Rd5 50. Rf4+ Ke5 51. Rc4 Kf5 52. Kc3
Re5 53. Kd3 Re1 54. Kd2 Re4 55. Kd3 Rxc4 56. Kxc4 Kg4 57. Kd3 Kxh4 58. Ke2 Kg3
59. Kf1 1/2-1/2

[Event "Euro Online U2300 Day 1"]
[Site "chess.com INT"]
[Date "2020.05.25"]
[Round "4"]
[White "Belaska, Premysl"]
[Black "Purtseladze, Maka"]
[Result "1-0"]
[BlackTitle "IM"]
[WhiteElo "2224"]
[BlackElo "2274"]
[WhiteFideId "300896"]
[BlackFideId "13602659"]
[EventDate "2020.05.25"]

1. c4 e6 2. Nc3 Bb4 3. Qc2 b6 4. e4 Nc6 5. Nf3 e5 6. a3 Bc5 7. b4 Nd4 8. Qd1
Nxf3+ 9. Qxf3 Bd4 10. Rb1 Ne7 11. Nb5 O-O 12. Nxd4 exd4 13. d3 Bb7 14. Qg3 f5
15. f3 d6 16. Be2 Ng6 17. exf5 Rxf5 18. O-O Qf6 19. f4 h5 20. Qh3 Nh4 21. g3 Re8
22. Rb2 Rxe2 23. Rxe2 Nf3+ 24. Kf2 Ne5 25. Kg1 Nf3+ 26. Kf2 a5 27. g4 hxg4 28.
Re8+ Kf7 29. Qh8 Kg6 30. Rg8 Rh5 31. f5+ Rxf5 32. Bh6 Ne5+ 33. Ke2 Rxf1 34.
Rxg7+ Kf5 35. Rg5+ Ke6 36. Qe8+ Qe7 37. Qxe7+ Kxe7 38. Kxf1 Nxd3 39. Rg7+ Kd8
40. Bg5+ Kc8 41. Rg8+ Kd7 42. Rg7+ Kc8 43. Ke2 Ne5 44. Rg8+ Kd7 45. Rg7+ Ke6 46.
Rxc7 Ba6 47. b5 d3+ 48. Ke3 Kf5 49. Be7 Bb7 50. Rxb7 Nxc4+ 51. Kxd3 d5 52. a4
Ke6 53. Bh4 Nb2+ 54. Kc2 Nxa4 55. Bf2 Kd6 56. Bxb6 1-0

[Event "Euro Online U2300 Day 1"]
[Site "chess.com INT"]
[Date "2020.05.25"]
[Round "4"]
[White "Luczak, Filip"]
[Black "Risteski, Emil"]
[Result "0-1"]
[WhiteTitle "CM"]
[WhiteElo "2240"]
[BlackElo "2159"]
[WhiteFideId "1193686"]
[BlackFideId "15005267"]
[EventDate "2020.05.25"]

1. d4 Nf6 2. Bg5 d5 3. Bxf6 gxf6 4. e3 c5 5. dxc5 Nc6 6. Nd2 e5 7. Nb3 Bxc5 8.
Nxc5 Qa5+ 9. c3 Qxc5 10. Nf3 Be6 11. Be2 Rg8 12. g3 Bh3 13. Qd2 O-O-O 14. O-O-O
Kb8 15. Kb1 Rd7 16. Qc2 e4 17. Nd4 a6 18. Nxc6+ Qxc6 19. Rd4 Be6 20. Rhd1 Rgd8
21. Qb3 f5 22. Qa4 Qxa4 23. Rxa4 Kc7 24. Rad4 Rd6 25. Kc2 R6d7 26. Kd2 b5 27. a4
Kb6 28. Ra1 Rc7 29. Ra3 Rd6 30. axb5 axb5 31. Rb4 Rc5 32. Ra8 Bd7 33. Kc2 Re6
34. Rf8 Be8 35. Rh8 h6 36. h4 Kc7 37. Kb3 Kd6 38. Rd4 Ke5 39. Kb4 Rc7 40. b3 Rb7
41. Rd2 Ra7 42. Rb2 Raa6 43. Rd2 Ra7 44. Rf8 Raa6 45. f4+ exf3 46. Bxf3 Rad6 47.
Rd3 Re7 48. Bg2 Kf6 49. Bxd5 Kg7 50. Rxe8 Rxe8 51. Kxb5 Kf6 52. c4 Rb8+ 53. Kc5
Ke5 54. e4 Rc8+ 55. Kb4 fxe4 56. Re3 f5 57. g4 Rxd5 58. cxd5 f4 59. Rc3 Rd8 60.
g5 hxg5 61. hxg5 f3 62. Kc4 f2 63. Rc1 0-1

[Event "Euro Online U2300 Day 1"]
[Site "chess.com INT"]
[Date "2020.05.25"]
[Round "4"]
[White "Golubenko, Valentina"]
[Black "Gorsek, Gregor"]
[Result "1/2-1/2"]
[WhiteTitle "WGM"]
[WhiteElo "2209"]
[BlackElo "2088"]
[WhiteFideId "4501993"]
[BlackFideId "14605899"]
[EventDate "2020.05.25"]

1. d4 d6 2. c4 g6 3. g3 Bg7 4. Bg2 Nc6 5. Nf3 Bg4 6. d5 Bxf3 7. Bxf3 Ne5 8. Bg2
Nf6 9. O-O O-O 10. Nd2 c5 11. dxc6 Nxc6 12. Rb1 Qc7 13. b3 Rad8 14. Bb2 e6 15.
e4 Ne8 16. Bxg7 Nxg7 17. Nf3 a6 18. Qe2 e5 19. Qe3 Ne6 20. Qh6 Qe7 21. Rbd1 Ncd4
22. Nxd4 Nxd4 23. f4 f6 24. fxe5 fxe5 25. Bh3 a5 26. Bg4 Rxf1+ 27. Rxf1 Rf8 28.
Rxf8+ Qxf8 29. Qe3 h5 30. Bd1 Kg7 31. Kg2 Qd8 32. h4 b6 33. a3 Qf6 34. b4 axb4
35. axb4 Qe7 36. Qc3 Qb7 37. Qe3 Qe7 38. Qc3 Qa7 39. Qd2 Qc7 40. Qg5 Ne6 41. Qc1
Qc6 42. Qc2 Nd4 43. Qd3 Qa8 44. Qe3 Qa2+ 45. Kh3 Qxc4 46. Qd2 Qf1+ 47. Kh2 Qc4
48. Kh3 Qf7 49. Kg2 Qf6 50. Qe3 Qe6 51. Kh2 b5 52. Kg2 Qa2+ 53. Kh3 Qb1 54. Qg5
Qxd1 55. Qe7+ Kg8 56. Qe8+ Kg7 57. Qe7+ Kh6 58. Qg5+ Kh7 59. Qe7+ Kg8 60. Qe8+
Kg7 61. Qe7+ 1/2-1/2